Produccion de Tall Oil a partir del pulpeo Kraft usando pinus caribaea
Uloženo v:
| Hlavní autor: | |
|---|---|
| Médium: | Diplomová práce Kniha |
| Jazyk: | Undetermined |
| Vydáno: |
1985
|
| Témata: | |
| Tagy: |
Přidat tag
Žádné tagy, Buďte první, kdo vytvoří štítek k tomuto záznamu!
|
MARC
| LEADER | 00000nam a2200000Ia 4500 | ||
|---|---|---|---|
| 001 | 2970 | ||
| 008 | 140114s9999 xx 000 0 und d | ||
| 100 | |a Arce, Luis Fernando | ||
| 245 | |a Produccion de Tall Oil a partir del pulpeo Kraft usando pinus caribaea | ||
| 260 | |c 1985 | ||
| 500 | |a NULL | ||
| 502 | |a Escuela de ingenieria Quimica | ||
| 650 | |z PRODUCCION DE TALL OIL | ||
| 999 | |c 11702 |d 11702 | ||
